A manual of engineering geometry and graphics for students and draftsmen / (Record no. 330333)

000 -LEADER
fixed length control field 00966cam a22002891a 4500
001 - CONTROL NUMBER
control field 7456777
003 - CONTROL NUMBER IDENTIFIER
control field NUST
005 - DATE AND TIME OF LATEST TRANSACTION
control field 20170621102000.0
008 - FIXED-LENGTH DATA ELEMENTS--GENERAL INFORMATION
fixed length control field 730111s1956 nyua 001 0 eng
010 ## - LIBRARY OF CONGRESS CONTROL NUMBER
LC control number 55011569
015 ## - NATIONAL BIBLIOGRAPHY NUMBER
National bibliography number GB56-14503
035 ## - SYSTEM CONTROL NUMBER
System control number (OCoLC)535997
040 ## - CATALOGING SOURCE
Original cataloging agency DLC
Transcribing agency ODaWU
Modifying agency UkGUS
-- Uk
-- DLC
042 ## - AUTHENTICATION CODE
Authentication code premarc
050 00 - LIBRARY OF CONGRESS CALL NUMBER
Classification number QA497
Item number .S5
082 ## - DEWEY DECIMAL CLASSIFICATION NUMBER
Classification number 620 SHO
100 1# - MAIN ENTRY--PERSONAL NAME
Personal name Shupe, Hollie W.
9 (RLIN) 2981
245 12 - TITLE STATEMENT
Title A manual of engineering geometry and graphics for students and draftsmen /
Statement of responsibility, etc. Hollie W. Shupe, Paul E. Machovina.
260 ## - PUBLICATION, DISTRIBUTION, ETC.
Place of publication, distribution, etc. New York :
Name of publisher, distributor, etc. McGraw-Hill,
Date of publication, distribution, etc. 1956.
300 ## - PHYSICAL DESCRIPTION
Extent vii, 347 p. :
Other physical details ill. ;
Dimensions 25 cm.
490 0# - SERIES STATEMENT
Series statement The Engineering drawing series
500 ## - GENERAL NOTE
General note H.B
650 #0 - SUBJECT ADDED ENTRY--TOPICAL TERM
Topical term or geographic name entry element Geometrical drawing.
9 (RLIN) 2982
650 #0 - SUBJECT ADDED ENTRY--TOPICAL TERM
Topical term or geographic name entry element Graphic methods.
9 (RLIN) 2983
700 1# - ADDED ENTRY--PERSONAL NAME
Personal name Machovina, Paul E.
9 (RLIN) 2984
740 0# - ADDED ENTRY--UNCONTROLLED RELATED/ANALYTICAL TITLE
Uncontrolled related/analytical title Engineering geometry and graphics.
906 ## - LOCAL DATA ELEMENT F, LDF (RLIN)
a 7
b cbc
c oclcrpl
d u
e ncip
f 19
g y-gencatlg
942 ## - ADDED ENTRY ELEMENTS (KOHA)
Source of classification or shelving scheme
Koha item type Book
Call number prefix IESE
Holdings
Withdrawn status Lost status Source of classification or shelving scheme Damaged status Not for loan Collection code Permanent Location Current Location Shelving location Date acquired Total Checkouts Full call number Barcode Date last seen Price effective from Koha item type
            Institute of Environmental Science and Engineering (IESE) Institute of Environmental Science and Engineering (IESE) General Stacks 06/21/2017   620 SHO IESE-128 06/21/2017 06/21/2017 Book
© 2023 Central Library, National University of Sciences and Technology. All Rights Reserved.